Guia para la disección del hueso temporal / (Registro nro. 23537)

Detalles MARC
000 -LEADER
fixed length control field 01138nam a2200289 4500
001 - CONTROL NUMBER
control field 0000013314
003 - CONTROL NUMBER IDENTIFIER
control field CO-CtgCURN
005 - DATE AND TIME OF LATEST TRANSACTION
control field 20250331185231.0
007 - PHYSICAL DESCRIPTION FIXED FIELD--GENERAL INFORMATION
fixed length control field ta
008 - FIXED-LENGTH DATA ELEMENTS--GENERAL INFORMATION
fixed length control field 160627s1998 000 0 eng d
020 ## - INTERNATIONAL STANDARD BOOK NUMBER
International Standard Book Number 8445807641
040 ## - CATALOGING SOURCE
Original cataloging agency CO-CtgCURN
Language of cataloging spa
Transcribing agency coctgcurn
082 0# - DEWEY DECIMAL CLASSIFICATION NUMBER
Classification number 617.8
Item number M177g
100 1# - MAIN ENTRY--PERSONAL NAME
Personal name Manrique Rodríguez, Manuel Jesus.
245 10 - TITLE STATEMENT
Title Guia para la disección del hueso temporal /
Statement of responsibility, etc. Manuel Jesus Manrique Rodríguez , prologo Rafael García-Tapia Urrutia.
260 ## - PUBLICATION, DISTRIBUTION, ETC.
Place of publication, distribution, etc. Barcelona :
Name of publisher, distributor, etc. Masson,
Date of publication, distribution, etc. 1998.
300 ## - PHYSICAL DESCRIPTION
Extent xvi, 120 p.
336 ## - CONTENT TYPE
Source rdacontent
337 ## - MEDIA TYPE
Source rdamedia
Media type term sin mediacion
Media type code n
338 ## - CARRIER TYPE
Source rdacarrier
Carrier type term volumen
Carrier type code nc
505 8# - FORMATTED CONTENTS NOTE
Formatted contents note Pasos quirurgicos en la disección del hueso temporal.--Preparacion del hueso temporal.--Conducto auditivo externo.--Membrana y caja timpanicas.--Aticomastoides.--Nervio facial.--Saco endolinfatico.--Anatomía microscopica del hueso temporal
650 14 - SUBJECT ADDED ENTRY--TOPICAL TERM
Topical term or geographic name entry element Huesos.
700 1# - ADDED ENTRY--PERSONAL NAME
Personal name García Tapia Urrutia, Rafael.
908 ## - PUT COMMAND PARAMETER (RLIN)
Put command parameter 160627
942 ## - ADDED ENTRY ELEMENTS (KOHA)
Koha item type Libros
Classification part 617.8
Item part M177g
Source of classification or shelving scheme Dewey Decimal Classification
Existencias
Withdrawn status Lost status Source of classification or shelving scheme Damaged status Not for loan Collection Home library Current library Shelving location Date acquired Inventory number Total checkouts Full call number Barcode Date last seen Price effective from Koha item type Public note
    Dewey Decimal Classification     General Miguel Henríquez Emiliani Miguel Henríquez Emiliani General 03/31/2025 009980   617.8 M177g 009980 03/31/2025 03/31/2025 Libros 610-CIENME